| 000 | 00396nam a22001697a 4500 | ||
|---|---|---|---|
| 003 | OSt | ||
| 005 | 20220324112009.0 | ||
| 008 | 220324b |||||||| |||| 00| 0 eng d | ||
| 020 | _a9780333570758 | ||
| 040 | _cHU | ||
| 082 | _a633.61 FAU 1993 | ||
| 100 |
_aFAUCONNIR .R _933992 |
||
| 245 | _aSUGAR CANE | ||
| 260 |
_aLONDON _bMACMILAN _c1993 |
||
| 300 |
_aVII 140 P _fPC |
||
| 942 |
_2ddc _cBOOKS _n0 |
||
| 999 |
_c33535 _d33535 |
||